<?xml version="1.0" encoding="UTF-8"?><?xml-stylesheet type="text/xsl" href="static/style.xsl"?><OAI-PMH xmlns="http://www.openarchives.org/OAI/2.0/" xmlns:xsi="http://www.w3.org/2001/XMLSchema-instance" xsi:schemaLocation="http://www.openarchives.org/OAI/2.0/ http://www.openarchives.org/OAI/2.0/OAI-PMH.xsd"><responseDate>2026-06-06T18:02:15Z</responseDate><request verb="GetRecord" identifier="oai:riuma.uma.es:10630/32368" metadataPrefix="marc">https://riuma.uma.es/rest/oai/request</request><GetRecord><record><header><identifier>oai:riuma.uma.es:10630/32368</identifier><datestamp>2026-02-03T10:57:11Z</datestamp><setSpec>com_10630_2254</setSpec><setSpec>col_10630_37953</setSpec></header><metadata><record xmlns="http://www.loc.gov/MARC21/slim" xmlns:dcterms="http://purl.org/dc/terms/" xmlns:doc="http://www.lyncode.com/xoai" xmlns:xsi="http://www.w3.org/2001/XMLSchema-instance" xsi:schemaLocation="http://www.loc.gov/MARC21/slim http://www.loc.gov/standards/marcxml/schema/MARC21slim.xsd">
   <leader>00925njm 22002777a 4500</leader>
   <datafield ind2=" " ind1=" " tag="042">
      <subfield code="a">dc</subfield>
   </datafield>
   <datafield ind2=" " ind1=" " tag="720">
      <subfield code="a">Pérez-Burillo, Sergio</subfield>
      <subfield code="e">author</subfield>
   </datafield>
   <datafield ind2=" " ind1=" " tag="720">
      <subfield code="a">Gimenez, Rafael</subfield>
      <subfield code="e">author</subfield>
   </datafield>
   <datafield ind2=" " ind1=" " tag="720">
      <subfield code="a">Rufián-Henares, José Ángel</subfield>
      <subfield code="e">author</subfield>
   </datafield>
   <datafield ind2=" " ind1=" " tag="720">
      <subfield code="a">Pastoriza, Silvia</subfield>
      <subfield code="e">author</subfield>
   </datafield>
   <datafield ind2=" " ind1=" " tag="260">
      <subfield code="c">2018</subfield>
   </datafield>
   <datafield ind2=" " ind1=" " tag="520">
      <subfield code="a">White tea is highly consumed due to its sensory properties and health benefits, although most scientific reports don’t include the analysis of both properties. Therefore, the objective of the present study was to unravel the best brewing conditions for optimal extraction of the bioactive compounds and antioxidant capacity, while realising the best sensory properties. Infusions of eighty commercial teas (sold in bags or leaves) were obtained at different time-temperature ratios, studying bioactive compounds (caffeine and individual catechins), antioxidant capacity and sensory analysis. Brewing at 98ºC for 7 min was the best condition to obtain a high content of antioxidant polyphenols and pleasant sensory properties. Those teas sold in bags give rise to tea brews with almost double antioxidant capacity. In conclusion, it is very important to link sensory and chemical data to obtain optimal sensorial quality and the highest healthy properties in white tea infusions.</subfield>
   </datafield>
   <datafield ind1="8" ind2=" " tag="024">
      <subfield code="a">S. Pérez-Burillo, R. Giménez, J.A. Rufián-Henares, S. Pastoriza, Effect of brewing time and temperature on antioxidant capacity and phenols of white tea: Relationship with sensory properties, Food Chemistry, Volume 248, 2018, Pages 111-118, ISSN 0308-8146, https://doi.org/10.1016/j.foodchem.2017.12.056.</subfield>
   </datafield>
   <datafield ind1="8" ind2=" " tag="024">
      <subfield code="a">https://hdl.handle.net/10630/32368</subfield>
   </datafield>
   <datafield ind1="8" ind2=" " tag="024">
      <subfield code="a">10.1016/j.foodchem.2017.12.056</subfield>
   </datafield>
   <datafield tag="653" ind2=" " ind1=" ">
      <subfield code="a">Té - Propiedades</subfield>
   </datafield>
   <datafield ind2="0" ind1="0" tag="245">
      <subfield code="a">Effect of brewing time and temperature on antioxidant capacity and phenols of white tea: relationship with sensory properties</subfield>
   </datafield>
</record>
</metadata></record></GetRecord></OAI-PMH>